1066 1671 1908 1646 1695 1542 1827 1542 1077 1674 1067 1599 1262 1391 1593 1748 1969 1615 1342 1903 1130 1255 1944 1591 1583 1824 1487 1516 1371 1745 1273 1624 1912 1116 1499 1291 1463 1587 1344 1428 1442 1577 1675 1678 2000 1009 1916 1513 1871 1081 1649 1000 1919 1519 1765 1189 1199 1136 1859 1919 1237 1129 1561 1981 1272 1803 1434 1032 1390 1616 1499 1362 1572 1572 1313 1288 1419 1704 1059 1412 1745 1252 1016 1531 1837 1562 1952 1033 1422 1954 1097 1284 1659 1497 1672 1050 1122 1595 1587 BCNSPRNW ULIB Ver.6.0+V

เปลี่ยนเป็นภาษาไทย

Change to English
 แสดงรายละเอียดบรรณานุกรม
  กลับหน้าหลัก

Brief Record : Get Marc (ISO 2709) : E-mail record : QR code < ปิดหน้าต่าง
LEADER : 00000nam 2200000uu 4500
001    13399122123
003     ULIB
008    121228s2543||||th 000 0 tha d
020    ^a9789744727374
090    ^aนว.^bก246ท
100    ^aจอร์น กริสแฮม
245    ^aทนายข้างถนน/^cจอร์น กริสแฮม
260    ^aกรุงเทพฯ :^bนานมีบุ๊คส์,^c2543
300    ^a448 หน้า
710    ^aวิมล กมลตระกูล แปล
945    ^p225^l0^i014085
995    ^aวิภา
999 ^a ทศพร
รายการนี้ยังไม่มีแท็ก
คุณยังไม่ได้ล็อกอิน คุณสามารถมีกิจกรรมร่วมกับเว็บไซต์ได้ แต่ต้องล็อกอินก่อน ::
  ล็อกอิน

รายการสื่อสารสนเทศ

ลำดับที่ ประเภท เลขเรียก/บาร์โค้ด สถานที่ สถานะ
1. นวนิยาย
นวนิยาย
นว. ก246ท  
  Barcode: 014085
ห้องสมุดวิทยาเขตสวรรค์ประชารักษ์
►นวนิยาย
บนชั้น
  ขอยืม

BibComment


ยังไม่เคยถูกคอมเมนท์

คอมเมนท์ทรัพยากรรายการนี้
  คอมเมนท์: ทนายข้างถนน จอร์..


 Copyright 2026. Bcnsprnw @Library